000 00280nam a22001217a 4500
003 OSt
008 240807b |||||||| |||| 00| 0 eng d
100 _aKumar Neeraj
245 _aMadhumakhi palan parichay and prabandhan
260 _apusa
_c2017
300 _a90
942 _2ddc
_cDB
999 _c43641
_d43641